Basic Electronics and Linear Circuits / (Record no. 10372)
[ view plain ]
| 000 -LEADER | |
|---|---|
| fixed length control field | 00500cam a2200181ua 4500 |
| 020 ## - INTERNATIONAL STANDARD BOOK NUMBER | |
| ISBN | 0-07-451965-4 |
| 082 ## - DEWEY DECIMAL CLASSIFICATION NUMBER | |
| Classification number | 621.381 5 |
| Item number | BHA/BA |
| 100 ## - MAIN ENTRY--AUTHOR NAME | |
| Personal name | Bhargava, N. N . |
| 100 ## - MAIN ENTRY--AUTHOR NAME | |
| Personal name | Kulsreshta, D C . |
| 100 ## - MAIN ENTRY--AUTHOR NAME | |
| Personal name | Gupta, S C . |
| 245 ## - TITLE STATEMENT | |
| Title | Basic Electronics and Linear Circuits / |
| 250 ## - EDITION STATEMENT | |
| Edition statement | 1 / |
| 260 ## - PUBLICATION, DISTRIBUTION, ETC. (IMPRINT) | |
| Place of publication | New Delhi : |
| Name of publisher | Tata Mc-Graw Hill Publishing Company , |
| Year of publication | 1984. |
| 300 ## - PHYSICAL DESCRIPTION | |
| Number of Pages | 490 ; . |
| 490 0# - SERIES STATEMENT | |
| Series statement | Technical Education series, |
| 500 ## - GENERAL NOTE | |
| General note | *CSS |
| 942 ## - ADDED ENTRY ELEMENTS (KOHA) | |
| Koha item type | Books |
| Withdrawn status | Lost status | Damaged status | Home library | Current library | Date acquired | Full call number | Accession Number | Koha item type | Shelving location | Source of acquisition | Cost, normal purchase price |
|---|---|---|---|---|---|---|---|---|---|---|---|
| KAUAET | KAUAET | 07/04/2012 | 621.381 5 BHA/BA | 21420 | Books | ||||||
| KAUAET | KAUAET | 07/04/2012 | 621.381 5 BHA/BA | BB 96 | Book Bank scheme for SC students | Scheme | Penta Books Distributors, Calicut. | 175.00 | |||
| KAUAET | KAUAET | 07/04/2012 | 621.381 5 BHA/BA | BB 97 | Book Bank scheme for SC students | Scheme | Penta Books Distributors, Calicut. | 175.00 | |||
| KAUAET | KAUAET | 07/04/2012 | 621.381 5 BHA/BA | 21418 | Books | ||||||
| KAUAET | KAUAET | 07/04/2012 | 621.381 5 BHA/BA | 21419 | Books | ||||||
| KAUAET | KAUAET | 07/04/2012 | 621.381 5 BHA/BA | 21417 | Books | ||||||
| KAUAET | KAUAET | 07/04/2012 | 621.381 5 BHA/BA | 21416 | Books | ||||||
| KAUAET | KAUAET | 07/04/2012 | 621.381 5 BHA/BA | 22122 | Books | ||||||
| KAUAET | KAUAET | 07/04/2012 | 621.381 5 BHA/BA | 22120 | Books | ||||||
| KAUAET | KAUAET | 07/04/2012 | 621.381 5 BHA/BA | 22121 | Books | ||||||
| KAUAET | KAUAET | 03/09/2018 | 621.381 5 BHA/BA | 18953 | Books | Scheme | |||||
| KAUAET | KAUAET | 03/09/2018 | 621.381 5 BHA/BA | 18954 | Books | Scheme | |||||
| KAUAET | KAUAET | 05/09/2018 | 621.381 5 BHA/BA | 18955 | Book Bank scheme for SC students | Scheme |
